书目信息 |
| 题名: |
现象学与审美现象
|
|
| 作者: | 单正平 著 | |
| 分册: | ||
| 出版信息: | 天津 南开大学出版社 2004 |
|
| 页数: | 279页 | |
| 开本: | 21cm | |
| 丛书名: | ||
| 单 册: | ||
| 中图分类: | I01-53 | |
| 科图分类: | ||
| 主题词: | 文艺美学--文集 , 文艺美学 | |
| 电子资源: | ||
| ISBN: | 7-310-02045-6 | |
| 000 | 00714nam0 2200229 45 | |
| 001 | 070000000693 | |
| 005 | 20050913090857.20 | |
| 010 | @a7-310-02045-6@dCNY16.00 | |
| 100 | @a20040313d2004 ekmy0chiy0120 ea | |
| 101 | 0 | @achi |
| 102 | @aCN@b120000 | |
| 105 | @ay z 000yy | |
| 200 | 1 | @a现象学与审美现象@Axian xiang xue yu shen mei xian xiang@e文艺美学译文、文论集@f单正平著@Fdan zheng ping zhu |
| 210 | @a天津@c南开大学出版社@d2004 | |
| 215 | @a279页@d21cm | |
| 517 | 1 | @a文艺美学译文、文论集@Awen yi mei xue yi wen、 wen lun ji |
| 606 | 0 | @a文艺美学@j文集 |
| 606 | 0 | @a文艺美学 |
| 690 | @aI01-53@v4 | |
| 701 | 0 | @a单正平@Adan zheng ping@4著 |
| 801 | 0 | @aCN@bTSSF@c20050913 |
| 905 | @a10447@dI01-53@e292 | |
| 现象学与审美现象:文艺美学译文、文论集/单正平著.-天津:南开大学出版社,2004 |
| 279页;21cm |
| ISBN 7-310-02045-6:CNY16.00 |
| ● |
| 相关链接 |
|
|
|
|
正题名:现象学与审美现象
索取号:I01-53/292
 
预约/预借
| 序号 | 登录号 | 条形码 | 馆藏地/架位号 | 状态 | 备注 |
| 1 | 0361169 | 3611693 | 第一样本阅览室/ [索取号:I01-53/292] | 在馆 | |
| 2 | 0361170 | 3611700 | 第二借阅区/ [索取号:I01-53/292] | 在馆 | |
| 3 | 0361171 | 3611719 | 第二借阅区/ [索取号:I01-53/292] | 在馆 | |
| 4 | 0361172 | 3611728 | 第二借阅区/ [索取号:I01-53/292] | 在馆 | |
| 5 | 0361173 | 3611737 | 第二借阅区/ [索取号:I01-53/292] | 在馆 |